Statystyki dla Zgadnij co to za klub

Kliknij tutaj aby rozwiązać quiz!

Ogólne statystyki

  • Ten quiz został rozwiązany 6 659 razy
    (5 793 od ostatniego zresetowania)
  • Średni wynik to 10 z 15

Statystyki odpowiedzi

PodpowiedzKlub% Poprawnych
Zdobywcy 13 Ligi MistrzówReal Madryt
94%
Szejki inwestują w ten klubPSG
88%
Gra w nim najdroższy obrońca na świecieLiverpool
84%
Pierwszy klub neymaraSantos
77%
Sponsor tego klubu RakutenFC Barcelona
73%
Klub z włoch, gra w nim 2 polakówNapoli
73%
Klub uważany za produkcje młodych talentówAjax
69%
Klub, który w sezonie 2016/17 był w finale Ligi MistrzówJuventus
64%
Największy rywal LiverpooluEverton
62%
Gra w nim Kamil GrosickiHull City
59%
Klub który w sezonie 2015/16 wygrał Premier LeagueLeicester City
56%
Grał w nim Diego Milito 2009-2014Inter Mediolan
53%
Klub w którym większość piłkarzy to BaskowieAthletic Bilbao
46%
Wygrali Ligę Mistrzów w 2004r.FC Porto
39%
Klub w którym gra aktualnie Mario BalotelliNicea
23%

Rozkład punktacji

Percentyl według liczby udzielonych odpowiedzi

Procent ludzi z każdym wynikiem

Twoja historia wyników

Nie rozwiązałeś tego quizu od ostatniego zresetowania